000 nam a22 7a 4500
999 _c8276
_d8276
008 171213b xxu||||| |||| 00| 0 eng d
100 _aDurr.K.W.etal.
_94697
245 _aHoney Comb
260 _aNew delhi
_bToronto
_c1978